000 00438nam a2200181Ia 4500
008 170705s9999 xx 000 0 und d
020 _a9780590430955
245 _aClifford's word book /
245 _cby Norman Bridwell.
260 _aNew York :
260 _bScholastic,
260 _c1990
300 _aunpaged :
300 _bcolor illustration ;
300 _c20cm.
440 _aClifford the big red dog.
500 _a290
999 _c337014
_d337014